The world of comets, (Record no. 552597)

000 -LEADER
fixed length control field 00536nam a22001451 4500
082 ## - DEWEY DECIMAL CLASSIFICATION NUMBER
Classification number 523.6
Author Mark GUI
100 1# - MAIN ENTRY--PERSONAL NAME
Personal name Guillemin, Amédée,
9 (RLIN) 49850
245 14 - TITLE STATEMENT
Title The world of comets,
Statement of responsibility, etc. by Amédée Guillemin ... Tr. and ed. by James Glaisher ...
260 ## - PUBLICATION, DISTRIBUTION, ETC.
Place of publication, distribution, etc. London,
Name of publisher, distributor, etc. S. Low, Marston, Searle & Rivington,
Date of publication, distribution, etc. 1877.
300 ## - PHYSICAL DESCRIPTION
Extent xxxviii, 548 p.
Other physical details front., illus., 9 pl. (3 col., 1 fold.) tables, diagrs.
Dimensions 28 cm.
526 ## - STUDY PROGRAM INFORMATION NOTE
Program name 0
Interest level 0
Reading level 0
Title point value 523_600000000000000_GUI
650 #0 - SUBJECT ADDED ENTRY--TOPICAL TERM
Topical term or geographic name entry element Comets.
9 (RLIN) 49851
700 1# - ADDED ENTRY--PERSONAL NAME
Personal name Glaisher, James,
9 (RLIN) 49852
942 ## - ADDED ENTRY ELEMENTS (KOHA)
Source of classification or shelving scheme
Koha item type Book
Holdings
Withdrawn status Lost status Source of classification or shelving scheme Damaged status Not for loan Permanent Location Current Location Shelving location Date acquired Total Checkouts Full call number Barcode Date last seen Price effective from Koha item type
          Military College of Engineering (MCE) Military College of Engineering (MCE)   01/20/2015   523.6 GUI MCE-41278 01/20/2015 01/20/2015 Book
© 2023 Central Library, National University of Sciences and Technology. All Rights Reserved.